Refrescos y Energéticas más vendidas en España - Estadísticas

Estadísticas generales
  • Esta prueba ha sido intentada 224 veces
  • La puntuación promedio es 12 de 21
Estadísticas de respuestas
Tipo Producto % Correcto
Mixto Marca Blanca
100%
Refresco Coca Cola
99%
Refresco Fanta
98%
Energética Red Bull
92%
Energética Monster
84%
Isotónica Aquarius
79%
Refresco Pepsi
76%
Refresco Nestea
73%
Refresco Kas
71%
Refresco Sprite
60%
Isotónica Powerade
54%
Isotónica Gatorade
44%
Refresco Trina
40%
Gaseosa La Casera
39%
Refresco 7 up
36%
Energética Eneryeti
34%
Gaseosa Schweppes
33%
Energética Burn
31%
Refresco Lipton
28%
Isotónica Prime
18%
Refresco Sunny Delight
4%
No se encontraron pruebas coincidentes
Distribución de puntuación
Porcentaje de gente con cada puntuación
Porcentaje por número respondido
Historial de tus puntuaciones
No has intentado esta prueba.